Los venenos de la corona (Registro nro. 30594)
[ vista simple ]
| 000 -CABECERA | |
|---|---|
| Longitud fija campo de control | 00750nam a2200217 a 4500 |
| 003 - • IDENTIFICADOR DELl NÚMERO DE CONTROL | |
| Identificador del número de control | CO-ViMGA |
| 008 - • CÓDIGOS DE INFORMACIÓN DE LONGITUD FIJA | |
| Códigos de información de longitud fija | 141112s2004 ck r 000 u spa d |
| 020 ## - • NÚMERO INTERNACIONAL NORMALIZADO PARA LIBROS | |
| Número Internacional Normalizado para Libros (ISBN) | 8466617302 |
| 040 ## - FUENTE DE LA CATALOGACIÓN | |
| Centro catalogador de origen | CO-ViMGA |
| Lengua de catalogación | spa |
| Centro transcriptor | CO-ViMGA |
| 082 04 - • NÚMERO DE LA CLASIFICACIÓN DECIMAL DEWEY | |
| Número de clasificación (R) | 843.9 D786v |
| 100 1# - • PUNTO DE ACCESO PRINCIPAL-NOMBRE DE PERSONA | |
| Nombre de persona | Droun, Maurice |
| 245 10 - • TITULO PROPIAMENTE DICHO | |
| Título | Los venenos de la corona |
| 300 ## - • DESCRIPCIÓN FÍSICA | |
| Extensión | 270p |
| 490 ## - • MENCIÓN DE SERIE | |
| Mención de serie | Los reyes malditos; III |
| 505 ## - • NOTA DE CONTENIDO CON FORMATO | |
| Nota de contenido con formato | Francia espera una reina 15 - - después de flandes, el artois 99 - - El tiempo del cometa 159 |
| 590 ## - NOTAS LOCALES | |
| Nota local | Forma de adquisición : Compra - - Precio : 22.000 - - Proveedor : Bernalibros - - Fecha de adquisición : Octubre 2007 |
| 650 14 - • PUNTO DE ACCESO ADICIONAL DE MATERIA - TÉRMINO DE MATERIA | |
| Término de materia o nombre geográfico como elemento inicial | NOVELA FRANCESA |
| 942 ## - ENTRADA DE ELEMENTOS AGREGADOS (KOHA) | |
| Fuente de clasificaión o esquema | Dewey Decimal Classification |
| Koha [por defecto] tipo de item | LIbro |
| Perdido | Fuente de clasificación o esquema | Estado Físico | No para préstamo | Forma de adquisición | Localización permanente | Localización actual | Fecha adquisición | Serie de enumeración / cronolog&íacute;a | Préstamos totales | Signatura completa | Código de barras | Fecha última consulta | Número de copia | Fecha del precio de reemplazo | Tipo de item de Koha |
|---|---|---|---|---|---|---|---|---|---|---|---|---|---|---|---|
| Dewey Decimal Classification | Sala General Segundo Piso | Biblioteca Pública Germán Arciniegas - Villavicencio | Biblioteca Pública Germán Arciniegas - Villavicencio | 12/04/2015 | Volumen. 1 | 11/jun/2009 | 843.9 D786v | 22159 | 12/04/2015 | Ej. 1 | 12/04/2015 | LIbro |